00577nam a22001577a 4500008004100000020001500041050002300056100002400079245016100103260004500264300002500309500001900334650002300353700002300376700002000399170214b xxu||||| |||| 00| 0 eng d a0077385314 aHD 30.28 .T46 2010 aThompson, Arthur A. aCrafting and Executing Strategy :bThe Quest for Competitive Advantage Concepts and Cases /cArthur, A. Thompson; Jr; A.J. Strickland III and John E. Gamble aStrayer university:bMcGraw-Hill,c2010. axiv, 413p. :bill. ; aincludes index 2strategic planning aA.J Strickland III aJohn, E. Gamble